Responses for Show #3323 - Wednesday, February 3, 1999

Contestants

[<< previous game]

Josh Flosi, a teacher from Danville, California

Pat Martin, a library technician from Vista, California

David Tate, an operations research analyst from Vienna, Virginia (whose 2-day cash winnings total $21,700)

[next game >>]

Jeopardy! Round responses

I GOT IT HANDLED
(Alex: That's a strange category!)
STATE NICKNAMES
(Alex: That's straightforward.)
C IS FOR...
SUGAR
SWEDEN
"LO"
    $100 11
Pitchers

Pat
    $100 1
Louisiana

Pat
    $100 18
Green

Pat
    $100 5
rum

Pat
    $100 3
Riviera

David
    $100 2
a lone wolf

David
    $200 12
a pencil sharpener

David
    $200 10
New York

David
    $200 19
10

Pat
    $200 6
Maple

Pat
    $200 4
Cameras

Pat
    $200 23
Lo mein

David
    $300 13
North Star

Josh
    $300 14
Maine

Pat
    $300 20
Faces

Josh
    $300 7
Molasses

David
    $300 25
Russia

Pat
    $300 28
locally

Josh
    $400 16
Apostles

Josh
    $500 15
(Pat: What is Wyoming?)

Arkansas

Pat
    $400 21
MIT (Massachusetts Institute of Technology)

David
    $400 8
Sugar beets

Pat
    $400 26
Oscar

Josh
    $400 29
Loggia

David
    $500 24
(Josh: What is The Pirates of Penzance?)

H.M.S. Pinafore

DavidJosh
    $500 17
Kansas

Josh
    $500 22
Charlemagne

Pat
    $500 9
Glucose

Josh
    $500 27
runestone

Pat
    $500 30
Lohengrin

David

Scores at the first commercial break (after clue 16):

David Pat Josh
$900 $900 $1,200

Scores at the end of the Jeopardy! Round:

David Pat Josh
$2,900 $2,500 $2,200

Double Jeopardy! Round responses

I GOT IT HANDELED
(Alex: Notice the different spelling.)
ART & ARTISTS
EMMY HISTORY
THE ELEMENTS
QUOTATIONS
LIGHTEN UP!
    $200 8
Hercules

Josh
    $200 18
Michelangelo

Josh
    $200 19
Hallmark

Josh
    $200 1
Oxygen

David
    $200 2
Fade away

Pat
    $200 24
The Moon

Pat
    $400 10
Italy

Josh
    $400 17
Paul Gauguin

David
    $400 20
Taxi

Pat
    $400 7
Carbon

David
    $400 3
Vladimir Lenin

Pat
    $400 25
Brake lights

Josh
    $600 11
Harpsichord

Josh
    $600 14
Lady Jane Grey

David
    $600 21
Marlon Brando

Pat
    $600 9
(David: What is sulphur?)

phosphorus

David
Triple Stumper
    $600 4
President Bill Clinton

Pat
    $2,000 28
[Alex delivers the clue.]

the crow's nest

Josh
    $800 12
Saul

Josh
    $800 15
Claude Monet

David
    $800 22
(Josh: What is CBS?)
...
(Alex: They were new to the game then.)

Fox

Josh
Triple Stumper
    $2,000 26
Sodium (Na)

Josh
    $800 5
Leaves of Grass

Josh
    $800 29
Wrigley Field

David
    $1000 13
(Pat: What are orphans?)

foundlings

DavidPat
    $1000 16
Jacques-Louis David

Triple Stumper
    $1000 23
(Josh: What is What's My Line?)
(Pat: What is Jeopardy!?)

The $64,000 Question

PatJosh
Triple Stumper
    $1000 27
(Pat: What is mercury?)

bromine

Pat
Triple Stumper
    $1000 6
Mischief

Triple Stumper
    $1000 30
The limelight

David

Scores at the end of the Double Jeopardy! Round:

David Pat Josh
$7,500 $1,900 $8,000

[wagering suggestions for these scores]

Final Jeopardy! Round responses

NAMES IN PLAYS
PatWhat is Montague?
$1,899
DavidWhat is Montague
$2,500
JoshWhat is Montague?
$7,001
Montague (from Romeo and Juliet)

Final scores:

David Pat Josh
$10,000 $3,799 $15,001
2nd place: Trip to Sunburst Resort, Scottsdale, Arizona 3rd place: Intel Create & Share Camera Pack New champion: $15,001

Game dynamics:

Coryat scores:

David Pat Josh
$7,500 $2,400 $5,400
18 R,
1 W
18 R,
4 W
(including 1 DD)
17 R
(including 2 DDs),
3 W

Combined Coryat: $15,300

[game clues] [game scores] [suggest correction]

Game tape date: Unknown
The J! Archive is created by fans, for fans. Scraping, republication, monetization, and malicious use prohibited; this site may use cookies and collect identifying information. See terms. The Jeopardy! game show and all elements thereof, including but not limited to copyright and trademark thereto, are the property of Jeopardy Productions, Inc. and are protected under law. This website is not affiliated with, sponsored by, or operated by Jeopardy Productions, Inc. Join the discussion at JBoard.tv.